Life and adventures of the celebrated bandit : Joaquin Murrieta, his exploits in the state of California /

Bibliographic Details
Main Author: Paz, Irenco, 1836-1924
Other Authors: Belle, Frances P.
Format: Book
Language:English
Published: Chicago : Regan Publishing Corporation, 1925.
Subjects:

MARC

Tag First Indicator Second Indicator Subfields
LEADER 00000cam a2200000 4500
001 in00000062122
005 20260529175846.8
008 741218s1925 ilu 000 0 eng u
010 |a  26001698  
035 |a (OCoLC)01115732 
035 |9 AAG9289AM 
040 |c IRU  |d TXA 
041 1 |a engspa 
049 |a TXAM  |c [467518] 
050 |a HV6452.C3  |b M8 1853 
092 |a 364.155  |b P348 
100 1 |a Paz, Irenco,  |d 1836-1924. 
245 1 0 |a Life and adventures of the celebrated bandit :  |b Joaquin Murrieta, his exploits in the state of California /  |c translated from the Spanish of Irenco Paz, by Frances P. Belle. 
260 |a Chicago :  |b Regan Publishing Corporation,  |c 1925. 
300 |a x, 174 p. ;  |c 22 cm. 
336 |a text  |b txt  |2 rdacontent 
337 |a unmediated  |b n  |2 rdamedia 
338 |a volume  |b nc  |2 rdacarrier 
541 1 |a Donated by The Blodgett Family. 
600 1 0 |a Murieta, Joaquín,  |d -1853. 
650 0 |a Brigands and robbers  |z California. 
650 0 |a Criminals  |z California. 
700 1 |a Belle, Frances P. 
999 f f |s 5e574021-0116-3288-a655-1949daab2214  |i 8f7d8aae-314d-3f54-bd00-2fc88b1796c1  |t 0 
952 f f |p normal  |a Texas A&M University  |b College Station  |c Sterling C. Evans Library  |s Evans stk  |d Evans: Library Stacks  |t 0  |e HV6452.C3 M8 1853  |h Library of Congress classification  |i unmediated -- volume  |m A14852448159 
998 f f |a HV6452.C3 M8 1853  |t 0  |l Evans: Library Stacks